[Event "Belgrade ChessAmateur op 5th"]
[Site "Belgrade"]
[Date "2019.01.04"]
[Round "1"]
[White "Djordjevic, Miroslav"]
[Black "Potapova, Margarita"]
[Result "0-1"]
[WhiteElo "1976"]
[BlackElo "2274"]
[PlyCount "84"]
[EventDate "2019.01.04"]
[EventType "swiss"]
[EventRounds "9"]
[EventCountry "SRB"]
[SourceTitle "CBM 188 Extra"]
[Source "ChessBase"]
[SourceDate "2019.02.26"]
[SourceVersion "1"]
[SourceVersionDate "2019.02.26"]
[SourceQuality "1"]

1. f4 d5 2. Nf3 g6 3. e3 Bg7 4. Be2 c5 5. d3 Nc6 6. e4 dxe4 7. dxe4 Qxd1+ 8. Bxd1 b6 9. 0-0 Ba6 10. Re1 0-0-0 11. c3 e5 12. fxe5 Nxe5 13. Nxe5 Bxe5 14. a4 Nf6 15. Bf3 Nd7 16. Na3 Bd3 17. Be3 Nf6 18. a5 Kb8 19. axb6 axb6 20. Rac1 Rd7 21. b4 Ra7 22. Nb1 Rc8 23. bxc5 bxc5 24. Nd2 Ra3 25. Rb1+ Bxb1 26. Rxb1+ Kc7 27. Nc4 Rxc3 28. Nxe5 Rxe3 29. Rc1 Re8 30. Nxf7 Nxe4 31. Bxe4 R8xe4 32. Rxc5+ Kb6 33. Rc1 Re1+ 34. Rxe1 Rxe1+ 35. Kf2 Re7 36. Ng5 Kc5 37. Nf3 Kd5 38. h3 Ra7 39. Kg3 Ke6 40. Kg4 h6 41. Nd2 Ke5 42. Kf3 Kf5 0-1

[Event "Paracin Summer op-B 11th"]
[Site "Paracin"]
[Date "2018.07.12"]
[Round "8"]
[White "Djordjevic, Miroslav"]
[Black "Petrovic, Aleksa"]
[Result "1-0"]
[WhiteElo "1950"]
[BlackElo "1845"]
[PlyCount "67"]
[EventDate "2018.07.06"]
[EventType "swiss"]
[EventRounds "9"]
[EventCountry "SRB"]
[SourceTitle "EXT 2019"]
[Source "ChessBase"]
[SourceDate "2018.10.10"]
[SourceVersion "1"]
[SourceVersionDate "2018.10.10"]
[SourceQuality "1"]

1. f4 Nh6 2. Nf3 d5 3. e3 Bg4 4. h3 Bxf3 5. Qxf3 e6 6. g4 Be7 7. Bd3 Bh4+ 8. Kf1 f6 9. c4 0-0 10. cxd5 exd5 11. Nc3 c6 12. b3 Nd7 13. Kg2 Ne5 14. Qe2 Nxd3 15. Qxd3 f5 16. Ba3 Rf6 17. g5 Rg6 18. Kf3 Bxg5 19. fxg5 Qxg5 20. Rag1 Qh5+ 21. Kf2 Qh4+ 22. Ke2 Rxg1 23. Rxg1 Qxh3 24. Kd1 Qh5+ 25. Kc2 Qf7 26. Bb2 Ng4 27. Ne2 h5 28. Nf4 h4 29. Qc3 Kh7 30. Nh3 Qe7 31. Rf1 Rf8 32. Qd3 Qd7 33. Rf4 Kg8 34. Ng5 1-0

[Event "Paracin Summer op-B 11th"]
[Site "Paracin"]
[Date "2018.07.10"]
[Round "5"]
[White "Blagojevic, Nikola"]
[Black "Djordjevic, Miroslav"]
[Result "0-1"]
[WhiteElo "1753"]
[BlackElo "1950"]
[PlyCount "104"]
[EventDate "2018.07.06"]
[EventType "swiss"]
[EventRounds "9"]
[EventCountry "SRB"]
[SourceTitle "EXT 2019"]
[Source "ChessBase"]
[SourceDate "2018.10.10"]
[SourceVersion "1"]
[SourceVersionDate "2018.10.10"]
[SourceQuality "1"]

1. Nf3 d5 2. d4 c6 3. c4 Nf6 4. Nc3 dxc4 5. a4 Bf5 6. e3 e6 7. Bxc4 Bb4 8. 0-0 0-0 9. Qb3 Qe7 10. Bd2 a5 11. Ne2 Bd6 12. Ng3 Bg6 13. Bc3 Nbd7 14. Qd1 Rfd8 15. Bd3 Bxd3 16. Qxd3 Nd5 17. Rfd1 Nb4 18. Bxb4 Bxb4 19. Qe2 Rac8 20. Ne4 e5 21. d5 cxd5 22. Rxd5 f6 23. Rad1 Nb6 24. Rxd8+ Rxd8 25. b3 Rxd1+ 26. Qxd1 Qd7 27. Qc2 h6 28. h3 Qd5 29. Ned2 Nd7 30. e4 Qc5 31. Qc4+ Qxc4 32. Nxc4 Nc5 33. Nfd2 Kf7 34. Kf1 Ke6 35. Ke2 Nd7 36. f3 Nb8 37. Ne3 Nc6 38. Nc2 Bc5 39. Kd3 g6 40. Nf1 f5 41. Nd2 b6 42. Nc4 Kf6 43. Ke2 Kg5 44. g3 f4 45. gxf4+ Kxf4 46. N4e3 Bxe3 47. Nxe3 Nd4+ 48. Kf2 Nxf3 49. Nd5+ Kxe4 50. Nxb6 Nd4 51. Nc4 Nxb3 52. Nd2+ Nxd2 0-1

[Event "SRB-chT3 South"]
[Site "Serbia"]
[Date "2017.10.13"]
[Round "7.4"]
[White "Andjelkovic, Danijela"]
[Black "Djordjevic, Miroslav"]
[Result "1/2-1/2"]
[WhiteElo "1581"]
[BlackElo "1976"]
[PlyCount "59"]
[EventDate "2017.09.03"]
[EventType "team-tourn"]
[EventRounds "11"]
[EventCountry "SRB"]
[SourceTitle "EXT 2022"]
[Source "ChessBase"]
[SourceDate "2021.10.06"]
[SourceVersion "1"]
[SourceVersionDate "2021.10.06"]
[SourceQuality "1"]

1. Nf3 d5 2. g3 Nf6 3. Bg2 c6 4. 0-0 g6 5. d3 Bg7 6. Nbd2 0-0 7. e4 dxe4 8. Nxe4 Nbd7 9. Qe2 Nxe4 10. Qxe4 Nf6 11. Qe2 Bg4 12. h3 Be6 13. Ng5 Bd5 14. Ne4 Nxe4 15. Bxe4 e6 16. c3 Qa5 17. d4 Rfd8 18. h4 Bxe4 19. Qxe4 Qd5 20. Re1 Rd7 21. Bf4 Qxe4 22. Rxe4 Rd5 23. Rae1 Rad8 24. Be5 Bxe5 25. Rxe5 Rxe5 26. Rxe5 Kf8 27. f4 Ke7 28. Re3 Kf6 29. Kf2 Rd5 30. Re5 1/2-1/2

[Event "SRB-chT2 South"]
[Site "Nis"]
[Date "2013.10.18"]
[Round "2.6"]
[White "Stojanovic, Ivan M"]
[Black "Djordjevic, Miroslav"]
[Result "1/2-1/2"]
[WhiteElo "1905"]
[BlackElo "2040"]
[PlyCount "106"]
[EventDate "2013.10.17"]
[EventType "team-swiss"]
[EventRounds "8"]
[EventCountry "SRB"]
[SourceTitle "EXT 2014"]
[Source "ChessBase"]
[SourceDate "2013.11.20"]
[SourceVersion "1"]
[SourceVersionDate "2013.11.20"]
[SourceQuality "1"]

1. Nf3 Nf6 2. g3 d5 3. Bg2 c6 4. 0-0 g6 5. c4 Bg7 6. cxd5 cxd5 7. d4 0-0 8. Nc3 Nc6 9. Qb3 b6 10. Rd1 Bb7 11. Ne5 e6 12. Bg5 h6 13. Bxf6 Bxf6 14. f4 Qe7 15. a3 Rfd8 16. Rac1 Rac8 17. h3 Na5 18. Qa2 Bxe5 19. dxe5 Qc5+ 20. Kh2 Qe3 21. Qb1 Nb3 22. Rc2 Ba6 23. Re1 Qc5 24. Qa2 Bc4 25. Qb1 Bb5 26. Qa2 Ba4 27. e3 b5 28. Rce2 Qb6 29. Qb1 Rd7 30. Nxa4 bxa4 31. Rc2 Rdc7 32. Rxc7 Rxc7 33. Qd3 Qa5 34. Rd1 Qc5 35. Qe2 Qc2 36. Re1 Nc1 37. Qb5 Nd3 38. Rf1 Nxb2 39. Rf2 Qxf2 40. Qb8+ Kg7 41. Qxc7 Qxe3 42. Qe7 Qb6 43. Qf6+ Kg8 44. h4 d4 45. h5 gxh5 46. Qxh6 d3 47. Qg5+ Kf8 48. Qh6+ Ke7 49. Qf6+ Kf8 50. Qh6+ Ke7 51. Qf6+ Kf8 52. Qh6+ Ke7 53. Qf6+ Kf8 1/2-1/2

[Event "SRB-chT2 South CS"]
[Site "Nis"]
[Date "2012.09.22"]
[Round "2.2"]
[White "Djordjevic, Miroslav"]
[Black "Jonic, Dragisa"]
[Result "0-1"]
[WhiteElo "1943"]
[BlackElo "2103"]
[PlyCount "78"]
[EventDate "2012.09.21"]
[EventType "team-tourn"]
[EventRounds "10"]
[EventCountry "SRB"]
[SourceTitle "EXT 2019"]
[Source "ChessBase"]
[SourceDate "2018.10.10"]
[SourceVersion "1"]
[SourceVersionDate "2018.10.10"]
[SourceQuality "1"]

1. e4 e6 2. d4 d5 3. e5 c5 4. c3 Nc6 5. Nf3 f6 6. exf6 Nxf6 7. Bd3 cxd4 8. cxd4 Nb4 9. Be2 Bd6 10. a3 Nc6 11. 0-0 Bd7 12. Nc3 a6 13. Re1 Qc7 14. Bd3 0-0 15. Bg5 h6 16. Bxf6 Rxf6 17. Rc1 Raf8 18. Rc2 Qb8 19. h3 Rf4 20. Rd2 Qa7 21. Bb1 Ne7 22. Qc2 Qb8 23. Qh7+ Kf7 24. Qd3 Ke8 25. Bc2 Kd8 26. Ba4 b5 27. Bb3 Qb6 28. Rc1 Rxf3 29. gxf3 Bf4 30. Rdc2 Bxc1 31. Rxc1 Nf5 32. Ne2 Qd6 33. Qc3 Nh4 34. f4 g5 35. Qg3 Nf5 36. Qh2 Rg8 37. fxg5 Rxg5+ 38. Kh1 Qb6 39. Qe5 Ng3+ 0-1